Theory for identification of marker locus-QTL associations in population by line crosses (Record no. 71185)

MARC details
000 -LEADER
fixed length control field 00488nam a2200169Ia 4500
100 ## - MAIN ENTRY--AUTHOR NAME
Personal name Dudley J W
245 #0 - TITLE STATEMENT
Title Theory for identification of marker locus-QTL associations in population by line crosses
260 ## - PUBLICATION, DISTRIBUTION, ETC. (IMPRINT)
Name of publisher Theoretical and Applied Genetics
Year of publication 1992
300 ## - PHYSICAL DESCRIPTION
Number of Pages 101-104
650 ## - SUBJECT ADDED ENTRY--TOPICAL TERM
Topical Term Con breeding
650 ## - SUBJECT ADDED ENTRY--TOPICAL TERM
Topical Term Marker assisted selection
650 ## - SUBJECT ADDED ENTRY--TOPICAL TERM
Topical Term QTL
650 ## - SUBJECT ADDED ENTRY--TOPICAL TERM
Topical Term Quantitative genetics
650 ## - SUBJECT ADDED ENTRY--TOPICAL TERM
Topical Term RFLP
942 ## - ADDED ENTRY ELEMENTS (KOHA)
Koha item type Journals
Holdings
Withdrawn status Lost status Damaged status Not for loan Home library Current library Shelving location Date acquired Serial Enumeration / chronology Koha item type
      Journals RRII Library RRII Library Biotechnology 17/12/2021 Volume 85, Issue 1 Journals